000 004490000a22001810004500
003 MACL
005 20150716131600.0
008 150716b xxu||||| |||| 00| 0 eng d
040 _aMACL
_cMACL
041 _aEnglish
082 _a303.4/SEN
100 _aSen, Amartya
_9554
245 _aDevelopment As Freedom
260 _bOxford University Press
_c2000
_aNew Delhi
350 _a250
650 _aSocial Science
_92308
942 _cBK
_k303.4
_2ddc
999 _c20815
_d20815